000
00302nam a22001337a 4500
008
171107b xxu||||| |||| 00| 0 eng d
020
_a
0256014450
041
_a
eng
080
_a
721.053
100
_a
62
101
_a
AUD
245
_a
AUDITING THEORY AND PRACTICE
_c
HERMANSON,R.H
942
_2
udc
_c
BK
999
_c
38156
_d
38156